[Event "World Rapid 2022"]
[Site "Almaty KAZ"]
[Date "2022.12.26"]
[Round "4.10"]
[White "Shankland, Sam"]
[Black "Urazayev, Arystanbek"]
[Result "0-1"]
[WhiteTitle "GM"]
[BlackTitle "IM"]
[WhiteElo "2710"]
[BlackElo "2465"]
[WhiteFideId "2004887"]
[BlackFideId "13709810"]
[EventDate "2022.12.26"]

1. d4 d5 2. c4 e6 3. Nc3 Nf6 4. cxd5 exd5 5. Bg5 c6 6. Qc2 Be7 7. e3 h6 8. Bh4
O-O 9. Bd3 Re8 10. Nge2 a5 11. O-O Na6 12. a3 Nc7 13. Kh1 Ne6 14. Rad1 b5 15.
Nc1 Ba6 16. a4 b4 17. Bxf6 Bxf6 18. N3e2 Bb7 19. Nb3 Qd6 20. Rc1 Bd8 21. Ng1 Ng5
22. Nc5 Bc8 23. h4 Ne6 24. Nf3 Bc7 25. b3 Qd8 26. g3 Nxc5 27. Qxc5 Bd7 28. Kg2
Qf6 29. Ng1 g5 30. hxg5 hxg5 31. Ne2 Kg7 32. Rh1 Rh8 33. f3 Rae8 34. Rxh8 Rxh8
35. Rg1 Bh3+ 36. Kf2 Bg4 37. f4 Qe6 38. Qc1 Rh2+ 39. Rg2 Rxg2+ 40. Kxg2 Bxe2 41.
Bxe2 gxf4 42. gxf4 Bxf4 43. Kf2 Bg5 44. Bf3 c5 45. Qxc5 Qxe3+ 46. Kg2 Qxb3 47.
Qxd5 Qxd5 48. Bxd5 Bf6 49. Kf3 Bxd4 50. Ke4 Bc3 51. Kf5 Kf8 52. Bb3 Ke7 53. Ba2
f6 54. Bb3 Kd6 55. Ke4 Kc5 56. Be6 Be1 57. Bb3 f5+ 58. Ke3 f4+ 59. Ke4 f3 60.
Kxf3 Kd4 61. Ke2 Kc3 62. Bf7 Bh4 63. Kd1 Bg5 64. Be6 Kb2 65. Bf7 b3 66. Be6 Ka3
67. Bd7 b2 0-1

[Event "World Rapid 2022"]
[Site "Almaty KAZ"]
[Date "2022.12.26"]
[Round "4.12"]
[White "Vachier-Lagrave, Maxime"]
[Black "Harsha, Bharathakoti"]
[Result "1-0"]
[WhiteTitle "GM"]
[BlackTitle "GM"]
[WhiteElo "2737"]
[BlackElo "2593"]
[WhiteFideId "623539"]
[BlackFideId "5078776"]
[EventDate "2022.12.26"]

1. e4 c5 2. Nf3 Nc6 3. Bb5 e5 4. O-O Bd6 5. d4 Nxd4 6. Bc4 Nxf3+ 7. Qxf3 Nf6 8.
Rd1 Be7 9. Qg3 O-O 10. Qxe5 d6 11. Qf4 Be6 12. Bf1 Qc7 13. c4 Ng4 14. Nc3 Bf6
15. Qg3 Be5 16. Bf4 a6 17. Rd2 Rad8 18. Rad1 Bd4 19. Rxd4 cxd4 20. Rxd4 Ne5 21.
Rxd6 Ng6 22. Rxd8 Qxd8 23. Bd6 Re8 24. c5 Ne7 25. h4 Kh8 26. h5 h6 27. a3 f6 28.
Be2 Nc6 29. Qe3 Bf7 30. b4 Ne5 31. Qd4 Nc6 32. Qd1 Ne5 33. Nd5 Qd7 34. a4 Nc6
35. b5 axb5 36. axb5 Nd8 37. Nb6 Qe6 38. Bf3 Qa2 39. Nd5 Ne6 40. c6 bxc6 41.
bxc6 Ng5 42. c7 Nxf3+ 43. Qxf3 Qc4 44. Nxf6 gxf6 45. Qxf6+ Kg8 46. Be5 Rxe5 47.
Qxe5 Be6 48. Kh2 Kf7 49. f4 Qe2 50. c8=Q Bxc8 51. Qc7+ Kf6 52. Qxc8 Qxe4 53.
Qf8+ 1-0

[Event "World Rapid 2022"]
[Site "Almaty KAZ"]
[Date "2022.12.26"]
[Round "4.13"]
[White "Grischuk, Alexander"]
[Black "Yakubboev, Nodirbek"]
[Result "1/2-1/2"]
[WhiteTitle "GM"]
[BlackTitle "GM"]
[WhiteElo "2745"]
[BlackElo "2647"]
[WhiteFideId "4126025"]
[BlackFideId "14203987"]
[EventDate "2022.12.26"]

1. Nf3 Nf6 2. g3 g6 3. c4 Bg7 4. Nc3 O-O 5. Bg2 Nc6 6. d3 d6 7. O-O e5 8. b3 Nd4
9. Nd2 c6 10. e3 Nf5 11. Bb2 d5 12. cxd5 cxd5 13. Nf3 Re8 14. Rc1 a6 15. e4 d4
16. exf5 dxc3 17. Bxc3 Bxf5 18. Re1 Bh6 19. Bd2 Bxd2 20. Qxd2 Qd6 21. Qb2 Nd7
22. d4 e4 23. Nd2 Nf6 24. Nc4 Qe7 25. Ne3 Rad8 26. Rc5 Bd7 27. Re5 Qb4 28. Rd1
Bb5 29. Rxe8+ Rxe8 30. d5 Qd6 31. Qd4 Bd3 32. Nc4 Bxc4 33. bxc4 b6 34. Rb1 Nd7
35. Bxe4 Qa3 36. d6 Qxa2 37. Rd1 Qa4 38. Bd5 Nc5 39. Kg2 Qd7 40. Qf6 Ne4 41. Qf3
Ng5 42. Qf6 Ne6 43. Bf3 b5 44. cxb5 axb5 45. h4 h5 46. Rd5 Ng7 47. Rc5 Re6 48.
Rc7 Rxd6 49. Rxd7 Rxf6 50. Rb7 Ne6 1/2-1/2

[Event "World Rapid 2022"]
[Site "Almaty KAZ"]
[Date "2022.12.26"]
[Round "4.14"]
[White "Mamedyarov, Shakhriyar"]
[Black "Riazantsev, Alexander"]
[Result "1-0"]
[WhiteTitle "GM"]
[BlackTitle "GM"]
[WhiteElo "2740"]
[BlackElo "2626"]
[WhiteFideId "13401319"]
[BlackFideId "4125029"]
[EventDate "2022.12.26"]

1. d4 Nf6 2. c4 e6 3. Nc3 Bb4 4. g3 O-O 5. Bg2 d5 6. Nf3 dxc4 7. O-O c5 8. dxc5
Bxc5 9. Qa4 Bd7 10. Qxc4 Qc7 11. b3 Na6 12. Bf4 Qb6 13. Ne5 Be8 14. Na4 Bxa4 15.
Qxa4 Rad8 16. Nc4 Qb4 17. Qxb4 Nxb4 18. Bxb7 Nfd5 19. Bd2 Bd4 20. Bxd5 exd5 21.
Bxb4 Bxa1 22. Na5 Rfe8 23. Rxa1 Rxe2 24. Nc6 Rd7 25. Nd4 Re4 26. Rd1 Rc7 27. f3
Re8 28. Kf2 h5 29. Ba3 a6 30. Rc1 Rxc1 31. Bxc1 f6 32. h4 Kf7 33. Bd2 g6 34. b4
Ke7 35. Ke2 Kd7+ 36. Kd3 Rg8 37. f4 Ra8 38. a4 Kd6 39. Bc3 Kd7 40. Nb3 Ke6 41.
Nc5+ Kf5 42. a5 Ra7 43. Kd4 Kg4 44. Kxd5 f5 45. Nxa6 Rxa6 1-0

[Event "World Rapid 2022"]
[Site "Almaty KAZ"]
[Date "2022.12.26"]
[Round "4.16"]
[White "Martirosyan, Haik M."]
[Black "Esipenko, Andrey"]
[Result "1/2-1/2"]
[WhiteTitle "GM"]
[BlackTitle "GM"]
[WhiteElo "2682"]
[BlackElo "2678"]
[WhiteFideId "13306553"]
[BlackFideId "24175439"]
[EventDate "2022.12.26"]

1. d4 Nf6 2. c4 e6 3. Nf3 d5 4. Nc3 Bb4 5. Bg5 h6 6. Bxf6 Qxf6 7. Qa4+ Nc6 8. e3
O-O 9. Be2 dxc4 10. Qb5 Qg6 11. O-O Bd6 12. Qxc4 e5 13. d5 Ne7 14. Nb5 a6 15.
Nxd6 cxd6 16. Rfd1 Bh3 17. g3 Qf6 18. Nd2 b5 19. Qb3 Qg6 20. Rac1 Rfc8 21. Bf3
Bg4 22. Bxg4 Qxg4 23. f3 Qd7 24. e4 Qa7+ 25. Kg2 f5 26. Qd3 Rf8 27. Rf1 Rf7 28.
Rce1 Rc8 29. f4 Qd4 30. Qxd4 exd4 31. Nb3 Rc4 32. Rf2 fxe4 33. Rxe4 Nxd5 34.
Rxd4 Rxd4 35. Nxd4 Rc7 36. Rd2 Nf6 37. Nf5 d5 38. Ne3 Kf7 39. Kf3 Ke6 40. Re2
Rc1 41. Rc2 Rxc2 42. Nxc2 Ne4 43. Ke3 Kd6 44. Kd4 Nd2 45. h3 Ne4 46. g4 Nf2 47.
Ne3 Nxh3 48. Nxd5 Nf2 49. Ne3 Ke6 50. b4 g6 51. a3 h5 52. f5+ Kf6 53. Nd5+ Kg7
54. fxg6 hxg4 55. Ke3 g3 56. Kf3 Kxg6 57. Nc7 Ne4 58. Nxa6 Nd2+ 59. Kxg3 Nc4 60.
Kf4 Nxa3 61. Nc7 Nc2 62. Nxb5 Nxb4 1/2-1/2

[Event "World Rapid 2022"]
[Site "Almaty KAZ"]
[Date "2022.12.26"]
[Round "4.17"]
[White "Matlakov, Maxim"]
[Black "Tsydypov, Zhamsaran"]
[Result "1/2-1/2"]
[WhiteTitle "GM"]
[BlackTitle "GM"]
[WhiteElo "2662"]
[BlackElo "2534"]
[WhiteFideId "4168003"]
[BlackFideId "4108566"]
[EventDate "2022.12.26"]

1. d4 g6 2. e4 Bg7 3. Nf3 d6 4. Be3 Nf6 5. Nc3 c6 6. Qd2 Nbd7 7. h3 b5 8. Bd3
Qc7 9. O-O O-O 10. Bh6 e5 11. Bxg7 Kxg7 12. Rfe1 a6 13. dxe5 dxe5 14. a4 Bb7 15.
Qe3 Rfe8 16. Nd2 Nf8 17. Nb3 N6d7 18. axb5 axb5 19. Be2 h5 20. Red1 Ne6 21. Bf1
Rxa1 22. Rxa1 b4 23. Nb1 c5 24. N1d2 Nd4 25. Rc1 f5 26. c3 bxc3 27. Qxc3 Nxb3
28. Nxb3 Bxe4 29. Nxc5 1/2-1/2

[Event "World Rapid 2022"]
[Site "Almaty KAZ"]
[Date "2022.12.26"]
[Round "4.18"]
[White "Demchenko, Anton"]
[Black "Maghsoodloo, Parham"]
[Result "0-1"]
[WhiteTitle "GM"]
[BlackTitle "GM"]
[WhiteElo "2632"]
[BlackElo "2719"]
[WhiteFideId "4160258"]
[BlackFideId "12539929"]
[EventDate "2022.12.26"]

1. e4 c5 2. Nf3 Nc6 3. Bb5 e5 4. O-O Bd6 5. d4 Nxd4 6. Bc4 h6 7. Nxd4 cxd4 8. c3
Bc5 9. Qb3 Qf6 10. cxd4 Bxd4 11. Nc3 Ne7 12. Be3 O-O 13. Bxd4 exd4 14. Nd5 Nxd5
15. Bxd5 d6 16. Rad1 Be6 17. Qxb7 Rab8 18. Qxa7 Bxd5 19. exd5 Rxb2 20. Rxd4 Rxa2
21. Qxa2 Qxd4 22. Qb3 Rc8 23. g3 Qe5 24. Rd1 g5 25. Qf3 Kg7 26. Kg2 Rc4 27. Qb3
Rc3 28. Qa4 h5 29. h4 g4 30. Kg1 Rf3 31. Qc2 Qc3 32. Qe2 Rf5 33. Qe4 Re5 34. Qf4
Kg6 35. Kg2 Rf5 36. Qe4 Qf3+ 37. Qxf3 Rxf3 38. Re1 Rd3 39. Re8 Rxd5 40. Kf1 Re5
41. Rd8 d5 42. f3 gxf3 43. Kf2 Rf5 44. Rd6+ Kg7 45. Ra6 Kf8 46. Rb6 Ke7 47. Ra6
Rf6 48. Ra5 Ke6 49. Ra8 d4 50. Ra6+ Ke5 51. Ra5+ Ke4 52. Rxh5 d3 53. Rh8 Rd6 54.
Re8+ Kf5 55. Re1 d2 56. Rd1 Kg4 57. h5 f5 58. Kf1 Kxh5 0-1

[Event "World Rapid 2022"]
[Site "Almaty KAZ"]
[Date "2022.12.26"]
[Round "4.19"]
[White "Cheparinov, Ivan"]
[Black "Puranik, Abhimanyu"]
[Result "1/2-1/2"]
[WhiteTitle "GM"]
[BlackTitle "GM"]
[WhiteElo "2688"]
[BlackElo "2616"]
[WhiteFideId "2905540"]
[BlackFideId "5061245"]
[EventDate "2022.12.26"]

1. d4 Nf6 2. c4 g6 3. Nc3 d5 4. Nf3 Bg7 5. h4 O-O 6. cxd5 Nxd5 7. h5 Bg4 8. hxg6
hxg6 9. Bh6 Bxh6 10. Rxh6 Bxf3 11. gxf3 Kg7 12. Qd2 Nxc3 13. bxc3 Nd7 14. e4 Rh8
15. Rxh8 Qxh8 16. Rb1 b6 17. Qf4 c5 18. Qc7 Qc8 19. Qxc8 Rxc8 20. Bb5 Nf6 21.
Kd2 Nh5 22. a4 Nf4 23. Ke3 Ng2+ 24. Kd2 cxd4 25. cxd4 Nf4 26. Ba6 Rc7 27. Bb5
Kf6 28. a5 bxa5 29. Ra1 Ne6 30. Kd3 a6 31. Bxa6 Rd7 32. Bc8 Nf4+ 33. Ke3 Ng2+
34. Kd3 Rc7 35. Ba6 Nf4+ 36. Kd2 Ne6 37. Kd3 Ra7 38. Bb5 Nf4+ 39. Kd2 g5 40. Ra4
e6 41. Rc4 Rb7 42. Rc5 Rb8 43. Ke3 a4 44. Bxa4 Rb1 45. Rc7 Rb2 46. Bc2 Ra2 47.
Rc3 Ra1 48. Bd3 Ra2 49. Bc2 Ra1 50. Bd3 Rd1 51. Rb3 Ng2+ 52. Ke2 Ra1 53. Rc3
Ra2+ 54. Bc2 Ra1 55. Bd3 Nf4+ 56. Ke3 Ra2 57. Bc2 Ra1 58. Bd3 Ra2 1/2-1/2

[Event "World Rapid 2022"]
[Site "Almaty KAZ"]
[Date "2022.12.26"]
[Round "4.20"]
[White "Ghaem Maghami, Ehsan"]
[Black "Ganguly, Surya Shekhar"]
[Result "1/2-1/2"]
[WhiteTitle "GM"]
[BlackTitle "GM"]
[WhiteElo "2490"]
[BlackElo "2582"]
[WhiteFideId "12500739"]
[BlackFideId "5002150"]
[EventDate "2022.12.26"]

1. Nf3 Nf6 2. c4 e6 3. d4 d5 4. Bg5 dxc4 5. Qa4+ Nbd7 6. e4 c6 7. Qxc4 Qb6 8.
Nbd2 Qxb2 9. Rb1 Qa3 10. Bd3 h6 11. Bf4 Qa5 12. O-O Be7 13. Rfe1 O-O 14. Bc2 Re8
15. Qd3 Nf8 16. Nc4 Qd8 17. Nce5 a5 18. h3 a4 19. Qd1 a3 20. Qd2 c5 21. dxc5
Qxd2 22. Nxd2 Bxc5 23. Ndc4 N8d7 24. Nd3 Bd4 25. Bd6 b5 26. Nxa3 Bc3 27. Re2 b4
28. Nb5 Rxa2 29. Bxb4 Be5 1/2-1/2

[Event "World Rapid 2022"]
[Site "Almaty KAZ"]
[Date "2022.12.26"]
[Round "4.21"]
[White "Harikrishna, Pentala"]
[Black "Sanal, Vahap"]
[Result "0-1"]
[WhiteTitle "GM"]
[BlackTitle "GM"]
[WhiteElo "2705"]
[BlackElo "2597"]
[WhiteFideId "5007003"]
[BlackFideId "6300545"]
[EventDate "2022.12.26"]

1. Nf3 d5 2. g3 g6 3. Bg2 Bg7 4. d4 Nf6 5. O-O O-O 6. c4 c6 7. a4 a5 8. cxd5
cxd5 9. Nc3 Nc6 10. Qb3 Bf5 11. Qxb7 Nb4 12. Bf4 Nh5 13. Bc7 Qd7 14. Rac1 Rfb8
15. Qxb8+ Rxb8 16. Bxb8 Bh6 17. e3 Qb7 18. Bf4 Nxf4 19. gxf4 Nd3 20. Ra1 e6 21.
Nb5 Qe7 22. Ne5 g5 23. fxg5 Qxg5 24. f4 Qe7 25. Rf3 Qb4 26. Rg3+ Kf8 27. Nxd3
Bxd3 28. Rc1 Bc4 29. Bf1 Qxb2 30. Re1 Qd2 31. Ra1 Bxf4 32. exf4 Bxb5 33. Raa3
Qxd4+ 34. Rge3 Bxa4 35. f5 e5 36. f6 e4 37. Kg2 Bd7 38. Reb3 Qxf6 39. Rxa5 Qg5+
40. Kh1 Qc1 41. Kg1 Be6 42. Ra8+ Ke7 43. Ra7+ Kf6 44. Rab7 d4 45. Rb1 Qg5+ 46.
Kh1 e3 47. Bg2 e2 48. R7b4 Qd2 0-1

[Event "World Rapid 2022"]
[Site "Almaty KAZ"]
[Date "2022.12.26"]
[Round "4.22"]
[White "Anton Guijarro, David"]
[Black "Quparadze, Giga"]
[Result "0-1"]
[WhiteTitle "GM"]
[BlackTitle "GM"]
[WhiteElo "2675"]
[BlackElo "2470"]
[WhiteFideId "2285525"]
[BlackFideId "13602250"]
[EventDate "2022.12.26"]

1. d4 Nf6 2. Nf3 e6 3. e3 c5 4. Bd3 d5 5. b3 Nbd7 6. O-O g6 7. Bb2 Bg7 8. Nbd2
O-O 9. c4 b6 10. Rc1 Bb7 11. Qe2 Rc8 12. cxd5 Nxd5 13. a3 cxd4 14. Nxd4 Nc5 15.
Bc4 a6 16. a4 a5 17. Rfd1 Qe7 18. Ba3 Rfd8 19. N2f3 Nb4 20. h3 h6 21. Ne1 Rd7
22. Bb5 Rdc7 23. Qb2 Kh7 24. Bf1 Bd5 25. Qb1 Be4 26. Qb2 Qg5 27. Bxb4 axb4 28.
Qa2 Bd5 29. Rb1 Ne4 30. Nb5 Rc5 31. Qe2 Qe7 32. Nd3 Rc2 33. Qe1 Nc3 34. Nf4 Nxb1
35. Rxb1 Be4 36. Qd1 Ra2 37. Bd3 Bxd3 38. Qxd3 Rcc2 39. Rf1 Qf6 40. Nd4 Rd2 41.
Qb5 Rxd4 0-1

[Event "World Rapid 2022"]
[Site "Almaty KAZ"]
[Date "2022.12.26"]
[Round "4.23"]
[White "Kobalia, Mikhail"]
[Black "Sarana, Alexey"]
[Result "0-1"]
[WhiteTitle "GM"]
[BlackTitle "GM"]
[WhiteElo "2577"]
[BlackElo "2668"]
[WhiteFideId "4119150"]
[BlackFideId "24133795"]
[EventDate "2022.12.26"]

1. e4 c5 2. Nf3 d6 3. Bb5+ Bd7 4. Bxd7+ Nxd7 5. O-O e6 6. c3 Ngf6 7. Qe2 Be7 8.
d4 O-O 9. Rd1 cxd4 10. cxd4 b5 11. Bg5 a6 12. Nc3 b4 13. Nb1 h6 14. Bh4 Qb6 15.
Nbd2 Qb5 16. Qxb5 axb5 17. Ne1 Rfc8 18. f3 Nb6 19. b3 Rc3 20. e5 dxe5 21. dxe5
Nfd5 22. Bxe7 Nxe7 23. Ne4 Rc7 24. Nd6 Ra5 25. Rd2 Nbd5 26. Nd3 g5 27. Kf2 Rc3
28. Re1 Kg7 29. Re4 Nc6 30. Nb7 Rxd3 31. Rxd3 Rxa2+ 32. Kf1 Nf4 33. Rd7 Ra1+ 34.
Kf2 Ra2+ 35. Kf1 Ra1+ 36. Kf2 Kg6 37. g3 Ra2+ 38. Kf1 Ra1+ 39. Kf2 Ra2+ 40. Kf1
Ra1+ 41. Kf2 Nd5 42. Nd6 Nc3 43. Re1 Rxe1 44. Kxe1 Nxe5 45. Rb7 Nxf3+ 46. Kf2
Nd4 47. Nxf7 Nxb3 48. g4 Nc5 49. Rc7 b3 50. Ne5+ Kf6 51. Nd7+ Ke7 52. Nxc5+ Kd6
53. Na4 Ke5 0-1

[Event "World Rapid 2022"]
[Site "Almaty KAZ"]
[Date "2022.12.26"]
[Round "4.24"]
[White "Murzin, Volodar"]
[Black "Tomashevsky, Evgeny"]
[Result "1-0"]
[WhiteTitle "GM"]
[BlackTitle "GM"]
[WhiteElo "2561"]
[BlackElo "2694"]
[WhiteFideId "44155573"]
[BlackFideId "4147235"]
[EventDate "2022.12.26"]

1. e4 e5 2. Nf3 Nc6 3. Bb5 a6 4. Ba4 Nf6 5. O-O Be7 6. Re1 b5 7. Bb3 O-O 8. a4
b4 9. d4 d6 10. dxe5 Nxe5 11. Nxe5 dxe5 12. Qxd8 Rxd8 13. Nd2 Kf8 14. Nc4 Be6
15. Nxe5 Bxb3 16. cxb3 Nxe4 17. Bf4 Nc5 18. Nc6 Rd7 19. Nxe7 Rxe7 20. Rxe7 Kxe7
21. Rc1 Nxb3 22. Rxc7+ Ke6 23. Kf1 a5 24. Ke2 Rd8 25. Be3 h5 26. g3 g6 27. h4 f6
28. Rc6+ Ke5 29. Rxf6 Kxf6 30. Bg5+ Ke6 31. Bxd8 Nc5 32. Bxa5 Nxa4 33. b3 Nc5
34. Bxb4 Nxb3 35. Ke3 Ke5 36. f3 Kd5 37. Kf4 Ke6 38. Ke4 Nc1 39. g4 Nb3 40. gxh5
gxh5 41. f4 Nc1 42. f5+ Kf6 43. Bc3+ Kf7 44. Bb2 Nb3 45. Kf4 Nd2 46. Kg5 Nc4 47.
Bd4 Nd6 48. Be5 Nc4 49. Bc3 Nd6 50. Bd4 Kg8 51. Kg6 Nf7 52. Kxh5 Kh7 53. Kg4 Kh6
54. Bf6 Kh7 55. Bg5 1-0

[Event "World Rapid 2022"]
[Site "Almaty KAZ"]
[Date "2022.12.26"]
[Round "4.25"]
[White "Jumabayev, Rinat"]
[Black "Moussard, Jules"]
[Result "1/2-1/2"]
[WhiteTitle "GM"]
[BlackTitle "GM"]
[WhiteElo "2609"]
[BlackElo "2684"]
[WhiteFideId "13702661"]
[BlackFideId "642908"]
[EventDate "2022.12.26"]

1. Nf3 Nf6 2. c4 e6 3. Nc3 d5 4. e3 Bd6 5. d4 b6 6. Bd3 O-O 7. O-O Bb7 8. Qc2 c5
9. cxd5 exd5 10. Rd1 Re8 11. Bb5 Nbd7 12. dxc5 bxc5 13. Qf5 Re7 14. b3 Ne5 15.
Be2 Qe8 16. Bb2 Rd8 17. Rac1 a6 18. Na4 d4 19. Nxc5 Bc8 20. Qc2 dxe3 21. Bxe5
exf2+ 22. Kf1 Bxe5 23. Rxd8 Qxd8 24. Nxe5 Rxe5 25. Nd3 Re8 26. Qc7 g6 27. Qxd8
Rxd8 28. Kxf2 Bf5 29. Nb4 a5 30. Nc6 Rd2 31. Ne7+ Kg7 32. Nxf5+ gxf5 33. a4 Rb2
34. Rc7 Nd5 35. Rc4 Kf6 36. g3 Ke5 37. Ke1 Rxb3 38. Rc5 Kd4 39. Rxa5 Rb2 40. Bf3
Ne3 41. Ra7 Rb1+ 42. Ke2 Rb2+ 43. Ke1 Rb1+ 44. Ke2 Rb2+ 45. Ke1 1/2-1/2

[Event "World Rapid 2022"]
[Site "Almaty KAZ"]
[Date "2022.12.26"]
[Round "4.26"]
[White "Ter-Sahakyan, Samvel"]
[Black "Petrosian, Tigran L."]
[Result "1-0"]
[WhiteTitle "GM"]
[BlackTitle "GM"]
[WhiteElo "2605"]
[BlackElo "2551"]
[WhiteFideId "13302531"]
[BlackFideId "13301616"]
[EventDate "2022.12.26"]

1. e4 g6 2. d4 Bg7 3. Nf3 d6 4. Bc4 Nf6 5. Qe2 c6 6. Bb3 O-O 7. O-O a5 8. c3 b6
9. Re1 Ba6 10. Qd1 d5 11. Nbd2 e6 12. e5 Nfd7 13. Nf1 Bxf1 14. Kxf1 b5 15. h4 f6
16. exf6 Qxf6 17. Qe2 Re8 18. a4 bxa4 19. Bxa4 Nb6 20. g3 Nxa4 21. Rxa4 Nd7 22.
Bf4 Qf5 23. Kg2 Nb6 24. Ra2 a4 25. Rea1 Qg4 26. Bc7 Nc4 27. b3 Rac8 28. bxc4
Rxc7 29. Rxa4 Rcc8 30. Ra7 Bf6 31. Qe3 Qh5 32. Qf4 Rf8 33. g4 g5 34. hxg5 Qg6
35. gxf6 Rxf6 36. Qg5 Rcf8 37. Qxg6+ hxg6 38. Ne5 Rxf2+ 39. Kg3 g5 40. Ra8 Rc2
41. Rxf8+ Kxf8 42. Rf1+ Ke7 43. Rf3 dxc4 44. Nxc6+ Kd6 45. Ne5 Kd5 46. Nf7 1-0

[Event "World Rapid 2022"]
[Site "Almaty KAZ"]
[Date "2022.12.26"]
[Round "4.27"]
[White "Bluebaum, Matthias"]
[Black "Tabatabaei, M. Amin"]
[Result "0-1"]
[WhiteTitle "GM"]
[BlackTitle "GM"]
[WhiteElo "2657"]
[BlackElo "2660"]
[WhiteFideId "24651516"]
[BlackFideId "12521213"]
[EventDate "2022.12.26"]

1. d4 Nf6 2. c4 e6 3. Nc3 d5 4. cxd5 exd5 5. Bg5 Bb4 6. e3 h6 7. Bf4 Bf5 8. Bd3
Bxd3 9. Qxd3 O-O 10. Ne2 Nbd7 11. a3 Bxc3+ 12. Nxc3 Re8 13. O-O c6 14. h3 a5 15.
f3 a4 16. Rad1 Qb6 17. Rf2 Qa6 18. Qc2 Qc4 19. Re2 Re6 20. e4 dxe4 21. fxe4 Rae8
22. e5 Nb6 23. Bg3 Nfd5 24. Rd3 f5 25. Rf3 g6 26. Bf2 Rf8 27. Qd2 g5 28. Re1 Kg7
29. Rf1 Nxc3 30. Rxc3 Qa6 31. h4 g4 32. Be3 Nd5 33. Rc2 Qb6 34. Qe2 Qb3 35. Bc1
Qg3 36. Qf2 Qxf2+ 37. Rcxf2 Ne7 38. h5 Rd8 39. Be3 Rd5 40. Rc2 Rd8 41. d5 Rxd5
42. Bd2 Rb5 0-1

[Event "World Rapid 2022"]
[Site "Almaty KAZ"]
[Date "2022.12.26"]
[Round "4.28"]
[White "Suleymanli, Aydin"]
[Black "Paravyan, David"]
[Result "1/2-1/2"]
[WhiteTitle "GM"]
[BlackTitle "GM"]
[WhiteElo "2543"]
[BlackElo "2586"]
[WhiteFideId "13413937"]
[BlackFideId "4194985"]
[EventDate "2022.12.26"]

1. c4 Nf6 2. Nc3 d5 3. cxd5 Nxd5 4. e4 Nb4 5. Nf3 Nd3+ 6. Bxd3 Qxd3 7. Qe2 Qxe2+
8. Kxe2 Nc6 9. Nb5 Kd8 10. d4 a6 11. Nc3 Bg4 12. Rd1 e6 13. d5 exd5 14. Nxd5 Bd6
15. Nb6 cxb6 16. Bf4 Ke7 17. Bxd6+ Ke6 18. Bc7 b5 19. Rd6+ Ke7 20. Rad1 Rhc8 21.
Bb6 Ne5 22. b3 f6 23. h3 Bxf3+ 24. gxf3 Rc2+ 25. R1d2 Rac8 26. f4 Rxd2+ 27. Rxd2
Nd7 28. Be3 Rc3 29. Kd1 g6 30. Rc2 Rxc2 31. Kxc2 f5 32. f3 Nb8 33. Kc3 Nc6 34.
Kd3 Kd7 35. Bd2 Ke6 36. Ke3 Kd6 37. Kd3 Ke6 38. Ke3 1/2-1/2

[Event "World Rapid 2022"]
[Site "Almaty KAZ"]
[Date "2022.12.26"]
[Round "4.29"]
[White "Nesterov, Arseniy"]
[Black "Donchenko, Alexander"]
[Result "0-1"]
[WhiteTitle "GM"]
[BlackTitle "GM"]
[WhiteElo "2573"]
[BlackElo "2636"]
[WhiteFideId "24198455"]
[BlackFideId "24603295"]
[EventDate "2022.12.26"]

1. d4 Nf6 2. c4 c6 3. Nc3 d5 4. Nf3 dxc4 5. a4 e6 6. e3 c5 7. Bxc4 cxd4 8. Nxd4
a6 9. O-O Bd7 10. b3 Nc6 11. Bb2 Bd6 12. Nf3 Qe7 13. e4 O-O 14. Re1 Ng4 15. h3
Nge5 16. Nxe5 Nxe5 17. Bf1 Rac8 18. Ne2 Rfd8 19. Nd4 Bb4 20. Re3 Be8 21. Rc1 Bc5
22. Qe2 Rc7 23. Nf3 Bxe3 24. Rxc7 Nxf3+ 25. Qxf3 Bxf2+ 26. Qxf2 Qxc7 27. Qe3 h6
28. Bc4 b5 29. Qc3 e5 30. Qg3 bxc4 31. Bxe5 Qb6+ 0-1

[Event "World Rapid 2022"]
[Site "Almaty KAZ"]
[Date "2022.12.26"]
[Round "4.30"]
[White "Vokhidov, Shamsiddin"]
[Black "Sindarov, Javokhir"]
[Result "1-0"]
[WhiteTitle "GM"]
[BlackTitle "GM"]
[WhiteElo "2579"]
[BlackElo "2654"]
[WhiteFideId "14204223"]
[BlackFideId "14205483"]
[EventDate "2022.12.26"]

1. e4 e5 2. Nf3 Nc6 3. Bb5 a6 4. Ba4 Nf6 5. O-O Be7 6. Re1 b5 7. Bb3 O-O 8. h3
Bb7 9. d3 d6 10. a3 Nb8 11. Nbd2 Nbd7 12. Nf1 h6 13. Ng3 Re8 14. c3 Bf8 15. Ba2
d5 16. exd5 Nxd5 17. Bd2 c5 18. a4 Qc7 19. Nh4 g6 20. Ne4 c4 21. dxc4 bxc4 22.
Qg4 h5 23. Qg3 Nf4 24. Ng5 Nf6 25. Rad1 Rad8 26. Bb1 Nd3 27. Bxd3 Rxd3 28. Be3
Qd7 29. Rxd3 cxd3 30. Nhf3 Bd6 31. Qh4 Nd5 32. Ne4 f5 33. Qg5 Re6 34. Nc5 Bxc5
35. Bxc5 Qe8 36. Qh6 e4 1-0

[Event "World Rapid 2022"]
[Site "Almaty KAZ"]
[Date "2022.12.26"]
[Round "4.31"]
[White "Niemann, Hans Moke"]
[Black "Yudin, Sergei"]
[Result "1/2-1/2"]
[WhiteTitle "GM"]
[BlackTitle "GM"]
[WhiteElo "2698"]
[BlackElo "2469"]
[WhiteFideId "2093596"]
[BlackFideId "4159659"]
[EventDate "2022.12.26"]

1. c4 e6 2. Nc3 d5 3. d4 c6 4. cxd5 exd5 5. Nf3 Bf5 6. Bf4 Bd6 7. Bxd6 Qxd6 8.
Qb3 Qc7 9. Rc1 Qb6 10. e3 Ne7 11. Qa3 a5 12. Be2 Qb4 13. O-O Nd7 14. Ne1 Qxa3
15. bxa3 Nc8 16. Nd3 Nd6 17. g4 Bxd3 18. Bxd3 O-O 19. f3 f5 20. g5 Rfe8 21. Kf2
b5 22. a4 b4 23. Nd1 Rac8 24. Ba6 Rc7 25. Nb2 c5 26. dxc5 Nxc5 27. Be2 Kf7 28.
Rcd1 Ke6 29. Rd4 Nc8 30. Bb5 Rf8 31. Rfd1 Nb6 32. Kg3 Ke7 33. Rh4 Rh8 34. g6 h6
35. Nd3 Nxd3 36. Bxd3 Rf8 37. e4 fxe4 38. Bxe4 Rc3 39. Bd3 Nxa4 40. Rh5 Nb2 41.
Re1+ Kd6 42. Bf5 Rf6 43. Re8 Nc4 44. Rd8+ Kc6 45. Rc8+ Kb6 46. Rb8+ Kc6 47. Rc8+
Kb6 48. Rb8+ Kc6 1/2-1/2

[Event "World Rapid 2022"]
[Site "Almaty KAZ"]
[Date "2022.12.26"]
[Round "4.32"]
[White "Lazavik, Denis"]
[Black "Savchenko, Boris"]
[Result "1/2-1/2"]
[WhiteTitle "GM"]
[BlackTitle "GM"]
[WhiteElo "2537"]
[BlackElo "2552"]
[WhiteFideId "13515110"]
[BlackFideId "4147332"]
[EventDate "2022.12.26"]

1. d4 Nf6 2. c4 g6 3. g3 Bg7 4. Bg2 O-O 5. Nc3 c6 6. e4 d6 7. Nge2 e5 8. O-O
Nbd7 9. h3 a5 10. Be3 Re8 11. Qc2 exd4 12. Nxd4 Nc5 13. Rad1 Qe7 14. Rfe1 h5 15.
b3 Nfxe4 16. Nxe4 Nxe4 17. Bxe4 Qxe4 18. Bd2 Qxe1+ 19. Rxe1 Rxe1+ 20. Bxe1 Bxd4
21. Qe4 Be5 22. c5 Bxh3 23. cxd6 Bxd6 24. Bc3 Bb4 25. Bb2 Kh7 26. Qe5 Rg8 27. a3
Bf8 28. Qxa5 Bg7 29. Bxg7 Rxg7 30. Qb4 f6 31. Qf8 Be6 32. b4 Rf7 33. Qe8 Bd5 34.
a4 g5 35. f3 Kg7 36. Kf2 Bb3 37. a5 Bd5 38. Ke3 Kg6 39. Ke2 Kf5 40. Kf2 Kg6 41.
Qd8 Be6 42. Qg8+ Kf5 43. Qe8 Bd5 44. Qd8 Ke6 45. Qh8 g4 46. f4 f5 47. Qxh5 Kd6
48. Qg6+ Kd7 49. Ke3 Re7+ 50. Kd3 Be4+ 51. Kd4 Kc7 52. Qf6 Rd7+ 53. Kc4 Rd5 54.
Qf8 Bd3+ 55. Kc3 Ba6 56. Kc2 Bb5 57. Qg8 Rd7 58. Qe6 Rd5 59. Qe8 1/2-1/2